[Event "AUTO-ADV-4923"]
[Site "http://www.queenalice.com/game.php?id=1870287"]
[Date "2026.3.9"]
[Round "1"]
[White "Capixaba789"]
[Black "oniwa"]
[Result "1-0"]
[WhiteElo "1880"]
[BlackElo "1807"]

1. d4 Nf6 2. c4 e6 3. Nc3 Bb4 4. Bd2 Bxc3 5. Bxc3 Ne4 6. e3 Qf6 7. Nf3 Nxc3 8.
bxc3 d6 9. Be2 O-O 10. O-O a6 11. Bd3 e5 12. dxe5 dxe5 13. Nd2 Qg5 14. Ne4 Qg6
15. f4 Bg4 16. Qe1 f5 17. Nc5 b6 18. Nb3 e4 19. Bc2 c5 20. Qg3 Rf6 21. Bd1 Qh6
22. Bxg4 fxg4 23. Qxg4 Rg6 24. Qc8+ Kf7 25. Qb7+ Kf6 26. Qxa8 Qh3 27. Qxe4 Nd7
28. Qc6+ Ke7 29. Qe4+ Re6 30. gxh3 Rxe4 31. Rae1 Rxc4 32. Rc1 Nf6 33. Nd2 Ra4
34. Rc2 Nd5 35. Re1 b5 36. Kf2 Ra3 37. Nb3 c4 38. e4 cxb3 39. exd5+ Kd6 40. axb3
Rxb3 41. Ra1 b4 42. Rxa6+ Kxd5 43. cxb4 Ke4 44. Rb6 Rf3+ 45. Kg2 Rd3 46. Rc4+
Ke3 47. f5 Rd2+ 48. Kg3 Rf2 49. Re6+ 1-0

[Event "AUTO-ADV-4923"]
[Site "http://www.queenalice.com/game.php?id=1870288"]
[Date "2026.3.9"]
[Round "1"]
[White "oniwa"]
[Black "matamuff"]
[Result "1-0"]
[WhiteElo "1787"]
[BlackElo "1900"]

1. e4 Nf6 2. e5 Nd5 3. Bc4 Nb6 4. Bb3 Nc6 5. d4 d5 6. Nf3 Bg4 7. Be3 Na5 8. Nbd2
Nxb3 9. Nxb3 e6 10. O-O Nc4 11. Rb1 Nxe3 12. fxe3 Be7 13. h3 Bh5 14. Na5 Rb8 15.
a3 O-O 16. b4 h6 17. c4 c6 18. Qa4 Bg6 19. Rb2 Bd3 20. Rc1 Qe8 21. cxd5 cxd5 22.
Qxe8 Rfxe8 23. Rc7 Bc4 24. Nxb7 a6 25. Nd6 Bxd6 26. exd6 Red8 27. d7 Bb5 28. Ne5
f6 29. Nc6 Bxc6 30. Rxc6 Rxd7 31. Rxa6 Kf7 32. b5 Rdb7 33. a4 Ke7 34. Rc2 Kd7
35. Rcc6 Re8 36. Rd6+ Kc7 37. Rac6+ Kb8 38. b6 Rbe7 39. a5 Rc8 40. Rxc8+ Kxc8
41. Rc6+ Kb8 42. a6 Re8 43. Rc7 Rg8 44. a7+ Ka8 45. b7+ Kxa7 46. Rc8 1-0

[Event "AUTO-ADV-4923"]
[Site "http://www.queenalice.com/game.php?id=1870289"]
[Date "2026.3.9"]
[Round "1"]
[White "matamuff"]
[Black "oniwa"]
[Result "1-0"]
[WhiteElo "1887"]
[BlackElo "1800"]

1. Na3 e5 2. Nc4 Nc6 3. e4 Nf6 4. d3 Bb4+ 5. c3 Bc5 6. Be3 Bxe3 7. Nxe3 d5 8.
exd5 Nxd5 9. Nxd5 Qxd5 10. Qf3 Be6 11. Qxd5 Bxd5 12. f3 O-O-O 13. Nh3 h6 14. b3
Be6 15. Nf2 g5 16. O-O-O a6 17. Ne4 f5 18. Nc5 Bf7 19. Be2 Na7 20. c4 Rd6 21.
Na4 Nc6 22. Nc3 Nd4 23. Rhe1 Rc6 24. Rd2 h5 25. Kb2 h4 26. Bd1 Bh5 27. Nd5 Kb8
28. Rxe5 Rc5 29. Kc3 Nc6 30. Re1 Bf7 31. Nb4 Ka7 32. Nxc6+ Rxc6 33. Re7 Rf8 34.
Rde2 b5 35. R2e5 Bg6 36. Rg7 Rd8 37. Be2 Kb7 38. Rge7 Kb6 39. R7e6 Rdd6 40. Rxd6
cxd6 41. Re6 Bh5 42. Rf6 f4 43. Rf5 Rc5 44. Rf6 Kc6 45. d4 1-0

[Event "AUTO-ADV-4925"]
[Site "http://www.queenalice.com/game.php?id=1870672"]
[Date "2026.3.19"]
[Round "1"]
[White "Connor"]
[Black "oniwa"]
[Result "0-1"]
[WhiteElo "1954"]
[BlackElo "1818"]

1. d4 Nf6 2. c4 d5 3. e3 c6 4. Nf3 Bg4 5. Nc3 e6 6. a3 Nbd7 7. c5 Bxf3 8. Qxf3
Be7 9. b4 a5 10. Bb2 axb4 11. axb4 Rxa1+ 12. Bxa1 Qa8 13. Qd1 O-O 14. b5 Qa5 15.
bxc6 bxc6 16. Bd3 Ng4 17. O-O Ndf6 18. Be2 Nh6 19. Qa4 Qc7 20. Rb1 Nfg4 21. Bxg4
Nxg4 22. g3 f5 23. Rb6 Rc8 24. Ne2 g5 25. Bc3 Qd7 26. Nc1 Bd8 27. Rb2 h5 28. Qd1
Qh7 29. Qf1 h4 30. Qh3 Nf6 31. Ne2 Ne4 32. Be1 g4 33. Qf1 Bg5 34. Nf4 Re8 35.
Rb6 Bxf4 36. exf4 Rc8 37. Qa6 Qd7 38. Rb7 Qe8 39. Qb6 Nf6 40. Rc7 Rxc7 41. Qxc7
h3 42. Ba5 Qa8 43. Qd8+ Qxd8 44. Bxd8 Kf7 45. Bc7 Ke7 46. Be5 Ne4 47. Kf1 Nd2+
48. Kg1 Kd7 49. Bf6 Kc7 50. Be7 Kb7 51. Bd8 Nb3 52. Bf6 Ka6 53. Kf1 Nd2+ 0-1

[Event "AUTO-ADV-4925"]
[Site "http://www.queenalice.com/game.php?id=1870673"]
[Date "2026.3.19"]
[Round "1"]
[White "oniwa"]
[Black "Connor"]
[Result "0-1"]
[WhiteElo "1808"]
[BlackElo "1943"]

1. d4 d5 2. c4 dxc4 3. Nc3 e6 4. e4 c6 5. Nf3 Be7 6. Bxc4 Nd7 7. O-O Nb6 8. Bb3
Nf6 9. Bf4 h6 10. a4 a5 11. Bc2 Bd7 12. e5 Nfd5 13. Bd2 Nxc3 14. Bxc3 Nd5 15.
Bd2 c5 16. Bb3 Bc6 17. Ne1 cxd4 18. Nf3 Nb4 19. Bxb4 Bxb4 20. Nxd4 Bd5 21. Bxd5
Qxd5 22. Nf3 Qd8 23. Qe2 Qe7 24. Qb5+ Qd7 25. Qxd7+ Kxd7 26. Rfd1+ Ke7 27. Rac1
Rhc8 28. Nd4 Rxc1 29. Rxc1 Rd8 30. Nb5 b6 31. g3 Bc5 32. Kg2 Rd2 33. Rf1 Rxb2
34. h4 Re2 35. Nc3 Rxe5 36. f3 Re3 37. Ne4 Re2+ 38. Kh3 Ra2 39. Nxc5 bxc5 40.
Rc1 Rxa4 41. Rxc5 Ra1 42. Rh5 f5 43. g4 Kf6 44. g5+ Kg6 45. Rxh6+ gxh6 0-1

[Event "AUTO-ADV-4925"]
[Site "http://www.queenalice.com/game.php?id=1870686"]
[Date "2026.3.19"]
[Round "1"]
[White "SGF"]
[Black "oniwa"]
[Result "0-1"]
[WhiteElo "1665"]
[BlackElo "1829"]

1. e4 e5 2. Qf3 Nf6 3. d3 Bc5 4. Be2 d6 5. Qg3 O-O 6. Bh6 Nh5 7. Bxh5 Qf6 8. Be3
Nd7 9. c3 Bxe3 10. Qxe3 Nc5 11. Ne2 Qh4 12. Ng3 Ne6 13. O-O Nf4 14. Qf3 g6 15.
Nf5 Qxh5 16. Qxh5 gxh5 17. Nd2 Bxf5 18. exf5 Nxd3 19. b4 a5 20. b5 c5 21. bxc6
bxc6 22. Nc4 d5 23. Nb6 Rad8 24. c4 Rd6 25. cxd5 cxd5 26. Na4 Rf6 27. h4 Rxf5
28. Nb6 e4 29. a4 Kh8 30. f3 e3 31. Ra2 Rg8 32. Re2 d4 33. Nc4 Nf4 34. Ree1 Nxg2
35. Rb1 Nxh4+ 36. Kh1 e2 37. Rf2 d3 38. Nd6 Rf6 39. Ne4 Rxf3 40. Rxf3 Nxf3 41.
Nf2 d2 42. Nd1 e1=Q# 0-1

[Event "AUTO-ADV-4925"]
[Site "http://www.queenalice.com/game.php?id=1870687"]
[Date "2026.3.19"]
[Round "1"]
[White "oniwa"]
[Black "SGF"]
[Result "1-0"]
[WhiteElo "1795"]
[BlackElo "1687"]

1. d4 e5 2. dxe5 Qh4 3. Nf3 Qe7 4. Bg5 f6 5. Bh4 g5 6. Bg3 c6 7. e3 a5 8. Bc4 b5
9. Bd3 h5 10. Bg6+ Kd8 11. h4 g4 12. Nd4 fxe5 13. Ne2 Rh6 14. Be4 Qb4+ 15. Nbc3
Qxb2 16. Bxe5 Bb4 17. Rb1 Bxc3+ 18. Nxc3 Qa3 19. Rb3 Qe7 20. Bxb8 Rxb8 21. f3
gxf3 22. gxf3 Nf6 23. Kf2 d5 24. Ne2 Nxe4+ 25. fxe4 Qxe4 26. Nf4 Bg4 27. Qe1
Qxc2+ 28. Kg3 Qxa2 29. Rc3 b4 30. Rc1 Kc7 31. Ra1 Qc4 32. Rxa5 Rg8 33. Kf2 b3
34. Ra7+ Kb6 35. Qa5# 1-0

[Event "AUTO-ADV-4925"]
[Site "http://www.queenalice.com/game.php?id=1870694"]
[Date "2026.3.19"]
[Round "1"]
[White "ricardoaurelio"]
[Black "oniwa"]
[Result "1-0"]
[WhiteElo "1937"]
[BlackElo "1964"]

1. e4 e5 2. Nf3 Nc6 3. Bc4 Bc5 4. d3 Nf6 5. Nc3 d6 6. h3 O-O 7. Nd5 a6 8. Nxf6+
Qxf6 9. Bg5 Qg6 10. g4 Be6 11. Bxe6 fxe6 12. Qe2 Nd4 13. Nxd4 Bxd4 14. Be3 Bxb2
15. Rb1 Bc3+ 16. Bd2 Bxd2+ 17. Qxd2 b5 18. O-O h5 19. f3 Rf6 20. Rf2 d5 21. Qe3
d4 22. Qe2 Raf8 23. Rbf1 Qh6 24. Kg2 c5 25. Rb1 h4 26. a3 Qf4 27. Rbf1 Qg3+ 28.
Kh1 Qxh3+ 29. Rh2 Qg3 30. Rg2 Qf4 31. Rh2 Rh6 32. Qg2 h3 33. Rxh3 Rxh3+ 34. Qxh3
Qd2 35. Qh2 Qe3 36. Qg2 Kf7 37. Qh2 c4 38. dxc4 bxc4 39. Qh5+ Ke7 40. Qxe5 Rh8+
41. Kg2 Qe2+ 42. Rf2 Qe1 43. Qxg7+ Kd6 44. Qxh8 d3 45. cxd3 c3 46. Qd8+ Ke5 47.
f4# 1-0

[Event "AUTO-ADV-4925"]
[Site "http://www.queenalice.com/game.php?id=1870695"]
[Date "2026.3.19"]
[Round "1"]
[White "oniwa"]
[Black "ricardoaurelio"]
[Result "1-0"]
[WhiteElo "1947"]
[BlackElo "1958"]

1. e4 e5 2. Nf3 Nc6 3. Bc4 h6 4. Nc3 d6 5. O-O Nf6 6. d4 exd4 7. Nxd4 Nxd4 8.
Qxd4 c5 9. Qd3 Be7 10. e5 dxe5 11. Nd5 Nxd5 12. Bxd5 Rb8 13. Re1 f6 14. Qg6+ Kd7
15. Rd1 Kc7 16. Qxg7 Be6 17. c4 Qd7 18. Qg3 Rhg8 19. Qa3 b6 20. Qxa7+ Kc8 21.
Qxd7+ Kxd7 22. Bxe6+ Kxe6 23. Bxh6 Ra8 24. Be3 Rg4 25. b3 Ra7 26. h3 Rg8 27. g3
Bd6 28. Kg2 Rh7 29. a4 Rgh8 30. h4 Rg8 31. Kh3 Ra8 32. Bd2 f5 33. Re1 Kf6 34. f3
Rhh8 35. g4 f4 36. Bc3 Rh7 37. a5 Rb7 38. Red1 Rd8 39. axb6 Rdd7 40. Ra7 Ke6 41.
Rda1 Bb8 42. R7a6 Rd3 43. Be1 Rxf3+ 44. Kh2 Rxb3 45. h5 Kf6 46. Bh4+ Kg7 47.
R1a5 Bd6 48. Rb5 Rxb5 49. cxb5 Rb8 50. b7 Bf8 51. Bf6+ Kg8 52. Rb6 Bg7 53. Bd8
c4 54. Bc7 c3 55. Bxb8 f3 56. Kg3 e4 57. Bf4 f2 58. b8=Q+ Kh7 59. Qd6 f1=Q 60.
Qg6+ Kh8 61. Rb8+ Bf8 62. Rxf8# 1-0

[Event "AUTO-ADV-4926"]
[Site "http://www.queenalice.com/game.php?id=1870871"]
[Date "2026.3.24"]
[Round "1"]
[White "mvson33"]
[Black "oniwa"]
[Result "0-1"]
[WhiteElo "1791"]
[BlackElo "1797"]

1. e4 e5 2. Nf3 Nc6 3. Bb5 d6 4. O-O Nf6 5. Nc3 Bg4 6. Be2 d5 7. exd5 Nxd5 8.
Nxd5 Qxd5 9. d3 h6 10. a3 O-O-O 11. Be3 g5 12. Nd2 Bxe2 13. Qxe2 f5 14. Nf3 Be7
15. Rad1 g4 16. Nd2 f4 17. Qxg4+ Kb8 18. Bxf4 Rhg8 19. Qf3 exf4 20. Qxd5 Rxd5
21. Nf3 Bc5 22. Rfe1 Rd7 0-1

[Event "AUTO-ADV-4926"]
[Site "http://www.queenalice.com/game.php?id=1870872"]
[Date "2026.3.24"]
[Round "1"]
[White "oniwa"]
[Black "mvson33"]
[Result "1-0"]
[WhiteElo "1919"]
[BlackElo "1804"]

1. d4 Nf6 2. Bg5 d5 3. Bxf6 exf6 4. Nc3 Be6 5. e4 dxe4 6. Nxe4 Nc6 7. Bb5 Be7 8.
Bxc6+ bxc6 9. Nf3 O-O 10. O-O Bb4 11. c3 Ba5 12. b4 Bb6 13. a4 a6 14. Ng3 Re8
15. Qd3 a5 16. b5 cxb5 17. axb5 a4 18. c4 Qe7 19. c5 Ba7 20. Rxa4 Bd5 21. Nf5
Qd8 22. N3h4 Be6 23. Ne3 Qe7 24. Nc4 Bxc4 25. Rxc4 Qe4 26. Qg3 Qd5 27. Rb4 h6
28. Qxc7 Qd8 29. b6 Qxc7 30. bxc7 Rec8 31. Rb7 Kh7 32. Nf5 Re8 33. Nd6 Rf8 34.
Ra1 Bxc5 35. Rxa8 1-0

[Event "AUTO-ADV-4926"]
[Site "http://www.queenalice.com/game.php?id=1870885"]
[Date "2026.3.24"]
[Round "1"]
[White "oniwa"]
[Black "Rafale2000"]
[Result "0-1"]
[WhiteElo "1824"]
[BlackElo "2014"]

1. d4 Nf6 2. Nc3 d5 3. Bg5 Bf5 4. Bxf6 exf6 5. e3 Bb4 6. Qd2 O-O 7. Bb5 c6 8.
Ba4 b5 9. Bb3 Ba5 10. Nge2 Na6 11. a3 Nc7 12. O-O Ne6 13. Ba2 Ng5 14. Nf4 Ne4
15. Qe1 Nxc3 16. b4 Nxa2 17. bxa5 Bxc2 18. Rxa2 Bb3 19. Rb2 Bc4 20. Ne2 Qd6 21.
Rb4 Rfe8 22. Qd1 Re4 23. g3 a6 24. Re1 Rae8 25. Nf4 g5 26. Qg4 Kh8 27. Nh5 Rxg4
0-1

[Event "AUTO-ADV-4926"]
[Site "http://www.queenalice.com/game.php?id=1870886"]
[Date "2026.3.24"]
[Round "1"]
[White "Rafale2000"]
[Black "oniwa"]
[Result "1-0"]
[WhiteElo "1983"]
[BlackElo "1807"]

1. e4 e5 2. Nf3 Nc6 3. d4 exd4 4. Bc4 Be7 5. Nxd4 Bc5 6. Nf5 Qf6 7. Nc3 g6 8.
Nd5 Qd8 9. Nh6 Ne5 10. Bb3 Qh4 11. O-O Nxh6 12. Nxc7+ Kd8 13. Nxa8 Bd6 14. Qxd6
Qxe4 15. Bg5+ 1-0

[Event "AUTO-ADV-4926"]
[Site "http://www.queenalice.com/game.php?id=1870887"]
[Date "2026.3.24"]
[Round "1"]
[White "oniwa"]
[Black "maurice916"]
[Result "1-0"]
[WhiteElo "1813"]
[BlackElo "1806"]

1. e4 c6 2. d4 d5 3. Nc3 dxe4 4. Nxe4 Nf6 5. Nxf6+ exf6 6. Nf3 Bg4 7. Be2 Bd6 8.
Qd3 Nd7 9. O-O O-O 10. a3 Re8 11. Be3 h5 12. h3 Be6 13. c4 Nf8 14. c5 Bc7 15.
Nh4 Rc8 16. Bxh5 f5 17. Nxf5 Bxf5 18. Qxf5 g6 19. Qg4 Qf6 20. f4 Ne6 21. f5 Ng7
22. fxg6 Qe6 23. gxf7+ Kh8 24. fxe8=Q+ Rxe8 25. Qxe6 Rxe6 26. Rf8+ Kh7 27. Rf7
Bd8 28. Bf4 Re7 29. Rxe7 Bxe7 30. Bf7 1-0

[Event "AUTO-ADV-4926"]
[Site "http://www.queenalice.com/game.php?id=1870888"]
[Date "2026.3.24"]
[Round "1"]
[White "maurice916"]
[Black "oniwa"]
[Result "1-0"]
[WhiteElo "1830"]
[BlackElo "1822"]

1. Nf3 Nc6 2. c4 e6 3. b3 Nf6 4. Bb2 d5 5. cxd5 Nxd5 6. e3 Nf6 7. Bb5 Bd7 8. O-O
Bd6 9. d4 O-O 10. Nbd2 a6 11. Bd3 b5 12. Rc1 Nb4 13. Bb1 c5 14. a3 Nc6 15. dxc5
Bxc5 16. Rxc5 Re8 17. b4 h6 18. Qc2 Ne7 19. Ne5 Ra7 20. Nxd7 Rxd7 21. Ne4 Nxe4
22. Qxe4 Ng6 23. g3 Rd1 24. Rc1 Rd5 25. f4 f5 26. Qf3 Rd2 27. Rf2 Qd6 28. Rc2
Rd1+ 29. Rf1 Rd8 30. Rc1 Rd2 31. Bc3 Rd5 32. e4 Qb6+ 33. Kg2 R5d6 34. exf5 exf5
35. Bxf5 Ne7 36. Bb1 Nd5 37. Bb2 Ne3+ 38. Kh3 Nxf1 39. Rxf1 R6d7 40. Qg4 Qc6 41.
Bf5 Rd2 42. Qxg7# 1-0

[Event "AUTO-ADV-4927"]
[Site "http://www.queenalice.com/game.php?id=1871241"]
[Date "2026.3.30"]
[Round "1"]
[White "oniwa"]
[Black "EdsonEstevam"]
[Result "0-1"]
[WhiteElo "1838"]
[BlackElo "1749"]

1. e4 e5 2. Nf3 Nc6 3. Bb5 Qf6 4. Nc3 Bb4 5. O-O a6 6. Ba4 Bxc3 7. dxc3 d6 8.
Bg5 Qg6 9. Qd5 Nf6 10. Bxf6 Qxf6 11. Bxc6+ Bd7 12. Bxb7 Rb8 13. b4 Be6 14. Qc6+
Bd7 15. Qxa6 O-O 16. Bd5 Bb5 17. Qa7 Bxf1 18. Kxf1 h6 19. Qxc7 Rbc8 20. Qb6 Rxc3
21. Bb3 Qg6 22. Nd2 Qg5 23. Rd1 Qf4 24. Kg1 Qf6 25. Nc4 h5 26. Rxd6 Qg5 27. Rd5
Qc1+ 0-1

[Event "AUTO-ADV-4927"]
[Site "http://www.queenalice.com/game.php?id=1871242"]
[Date "2026.3.30"]
[Round "1"]
[White "EdsonEstevam"]
[Black "oniwa"]
[Result "1-0"]
[WhiteElo "1754"]
[BlackElo "1855"]

1. e4 e5 2. Nf3 Nc6 3. Bc4 Bc5 4. Nc3 Nf6 5. d3 O-O 6. Bg5 d6 7. Nd5 Nd4 8. a3
Bg4 9. Bxf6 gxf6 10. h3 Bh5 11. Qd2 Bg6 12. O-O-O f5 13. Nxd4 Bxd4 14. h4 c6 15.
Nc3 f4 16. h5 Bxh5 17. Rxh5 Qb6 18. Rdh1 Bxf2 19. Rxh7 Be3 20. Nd1 Bxd2+ 21.
Kxd2 Qc7 22. R1h4 Qd7 23. Bxf7+ Rxf7 24. Rh8+ Kg7 25. Rxa8 Qe7 26. Rg4+ Kf6 27.
Rxa7 Rg7 28. Nf2 Qe6 29. Rxg7 Kxg7 30. Rxb7+ Kg6 31. c4 Qc8 32. Ra7 Qb8 33. Ra6
Qxb2+ 34. Ke1 Qc1+ 35. Nd1 Qc2 36. Rxc6 Qxd3 37. Nf2 Qxa3 38. c5 Kf7 39. cxd6
Ke8 40. Ng4 Qg3+ 41. Nf2 Qxg2 42. Rc7 Kd8 43. Re7 Qg5 44. Nd3 f3 45. Nxe5 Qg1+
46. Kd2 Qd4+ 47. Ke1 Qxd6 48. Nf7+ Kxe7 49. Nxd6 1-0

[Event "AUTO-ADV-4927"]
[Site "http://www.queenalice.com/game.php?id=1871243"]
[Date "2026.3.30"]
[Round "1"]
[White "oniwa"]
[Black "maurice916"]
[Result "1-0"]
[WhiteElo "1930"]
[BlackElo "1902"]

1. e4 c6 2. d4 d5 3. e5 c5 4. c4 Nc6 5. Nf3 cxd4 6. Nxd4 Nxe5 7. cxd5 Qxd5 8.
Nc3 Qd8 9. Bb5+ Bd7 10. Qa4 a6 11. Bxd7+ Qxd7 12. Qxd7+ Nxd7 13. O-O Ngf6 14.
Bg5 e6 15. a3 Be7 16. Nf3 O-O 17. b4 Rac8 18. Rac1 Nb6 19. Ne5 Rfd8 20. Be3 Nbd5
21. Ne2 Bd6 22. Nc4 Bf8 23. Bg5 Be7 24. Na5 Rxc1 25. Rxc1 b6 26. Nc6 Rd7 27.
Nxe7+ Nxe7 28. Nf4 h6 29. Bxf6 gxf6 30. Nh5 Nd5 31. Rd1 Rc7 32. g3 Kh7 33. g4
Kg6 34. Ng3 Rc3 35. Ra1 f5 36. gxf5+ exf5 37. Ne2 Rd3 38. Kg2 f6 39. h3 f4 40.
Ng1 f5 41. Nf3 Nc3 42. Ne5+ 1-0

[Event "AUTO-ADV-4927"]
[Site "http://www.queenalice.com/game.php?id=1871244"]
[Date "2026.3.30"]
[Round "1"]
[White "maurice916"]
[Black "oniwa"]
[Result "0-1"]
[WhiteElo "1848"]
[BlackElo "1839"]

1. Nf3 Nc6 2. c4 e5 3. Nc3 Nf6 4. d3 Bb4 5. Qb3 d6 6. Bd2 Be6 7. a3 Bxc3 8. bxc3
b6 9. Qc2 Bg4 10. h3 Bxf3 11. exf3 O-O 12. Be2 Ne7 13. O-O c5 14. f4 Ng6 15.
fxe5 Nxe5 16. d4 Ng6 17. d5 Re8 18. Bf3 Nh4 19. Qd3 Nxf3+ 20. Qxf3 Ne4 21. Qd3
Qh4 22. Be3 Re5 23. f4 Rh5 24. Qxe4 Rg5 25. Qe7 Rh5 26. Qxd6 Qg3 27. Rae1 Rxh3
28. Bf2 Qh2# 0-1

[Event "AUTO-ADV-4927"]
[Site "http://www.queenalice.com/game.php?id=1871245"]
[Date "2026.3.30"]
[Round "1"]
[White "oniwa"]
[Black "chessman"]
[Result "0-1"]
[WhiteElo "1860"]
[BlackElo "1983"]

1. e4 e6 2. d4 d5 3. Nc3 dxe4 4. Nxe4 Nd7 5. Bb5 a6 6. Ba4 b5 7. Bb3 Ngf6 8. Bg5
Be7 9. Ng3 Bb7 10. f3 O-O 11. Qd3 c5 12. c4 bxc4 13. Bxc4 cxd4 14. Qxd4 Qa5+ 15.
Bd2 Qd8 16. N1e2 Qb6 17. Qc3 Rac8 18. b3 Rfd8 19. Be3 Qc7 20. O-O Nf8 21. Bf4
Qc5+ 22. Be3 Qc7 23. Rac1 Nd5 24. Qd4 Nxe3 0-1

[Event "AUTO-ADV-4927"]
[Site "http://www.queenalice.com/game.php?id=1871246"]
[Date "2026.3.30"]
[Round "1"]
[White "chessman"]
[Black "oniwa"]
[Result "0-1"]
[WhiteElo "2029"]
[BlackElo "1945"]

1. e4 e5 2. Nf3 Nc6 3. Bb5 d6 4. d4 Bd7 5. dxe5 dxe5 6. O-O Nf6 7. Re1 Bc5 8.
Bxc6 Bxc6 9. Qxd8+ Rxd8 10. Bg5 Bd6 11. Nc3 O-O 12. Rad1 Rfe8 13. a3 h6 14. Bh4
a5 15. Rd3 Nh5 16. Bxd8 Rxd8 17. Red1 Nf4 18. R3d2 b5 19. Nd5 Ne6 20. c3 Rf8 21.
b4 a4 22. h3 Bd7 23. Nxc7 Bxc7 24. Rxd7 Bd8 25. Nxe5 Bf6 26. f4 Nxf4 27. Nc6
Ne2+ 28. Kf1 Nxc3 29. Re1 Bh4 30. Re3 Na2 31. Na7 Bg5 32. Red3 Rb8 33. Nc6 Re8
34. Nd8 Rxe4 35. Nxf7 Rf4+ 36. Kg1 Rxf7 37. Rb7 Rxb7 0-1

[Event "AUTO-OPEN-4584"]
[Site "http://www.queenalice.com/game.php?id=1871541"]
[Date "2026.4.6"]
[Round "2"]
[White "oniwa"]
[Black "JailtonMaster"]
[Result "1-0"]
[WhiteElo "1969"]
[BlackElo "2130"]

1. e4 e5 2. Nf3 Nc6 3. Bb5 a6 4. Ba4 Nf6 5. Nc3 Be7 6. O-O b5 7. Bb3 Bb7 8. Ng5
O-O 9. h3 Na5 10. Nf3 Nxb3 11. axb3 d6 12. d4 Nxe4 13. Nxe4 Bxe4 14. dxe5 Bxf3
15. Qxf3 dxe5 16. Qg3 Bf6 17. Be3 Qe7 18. c3 c5 19. Ra5 Rfd8 20. c4 bxc4 21.
Bxc5 Qc7 22. b4 Rd3 23. Qg4 Rb3 24. Qxc4 Rxb2 25. Rxa6 Rxa6 26. Qxa6 h6 27. Qa1
Rd2 28. Rc1 Qd7 29. Be3 Rd3 30. Qa8+ Kh7 31. Rc8 g6 32. Rc6 Be7 33. b5 Ra3 34.
Qb8 Bh4 35. Rc1 Bxf2+ 36. Bxf2 Qd2 37. Qc7 Qf4 38. Rf1 1-0